<?xml version="1.0" encoding="UTF-8"?>
<record
    xmlns:xsi="http://www.w3.org/2001/XMLSchema-instance"
    xsi:schemaLocation="http://www.loc.gov/MARC21/slim http://www.loc.gov/standards/marcxml/schema/MARC21slim.xsd"
    xmlns="http://www.loc.gov/MARC21/slim">

  <leader>00719nam a22001817a 4500</leader>
  <controlfield tag="005">20230912152550.0</controlfield>
  <datafield tag="010" ind1=" " ind2=" ">
    <subfield code="a">HIN-125920</subfield>
  </datafield>
  <datafield tag="020" ind1=" " ind2=" ">
    <subfield code="a">9789357014557</subfield>
    <subfield code="c">100.00</subfield>
  </datafield>
  <datafield tag="035" ind1=" " ind2=" ">
    <subfield code="a">HN-98266</subfield>
  </datafield>
  <datafield tag="037" ind1=" " ind2=" ">
    <subfield code="b">DBAD/PUB</subfield>
  </datafield>
  <datafield tag="082" ind1=" " ind2=" ">
    <subfield code="a">821</subfield>
  </datafield>
  <datafield tag="100" ind1=" " ind2=" ">
    <subfield code="a">&#x92D;&#x91F;&#x94D;&#x91F;,&#x915;&#x943;&#x937;&#x94D;&#x923; &#x917;&#x94B;&#x92A;&#x93E;&#x932;</subfield>
    <subfield code="9">56458</subfield>
  </datafield>
  <datafield tag="245" ind1=" " ind2=" ">
    <subfield code="a">&#x924;&#x928; &#x92E;&#x947;&#x902; &#x91C;&#x932; &#x915;&#x940; &#x92C;&#x93E;&#x935;&#x921;&#x93C;&#x940;/</subfield>
    <subfield code="c">&#x917;&#x94B;&#x92A;&#x93E;&#x932; &#x915;&#x943;&#x937;&#x94D;&#x923; &#x92D;&#x91F;&#x94D;&#x91F; </subfield>
  </datafield>
  <datafield tag="260" ind1=" " ind2=" ">
    <subfield code="a">&#x930;&#x93E;&#x91C;&#x938;&#x94D;&#x925;&#x93E;&#x928;</subfield>
    <subfield code="b">&#x938;&#x93E;&#x924;&#x94D;&#x930;&#x93F;&#x927;&#x94D;&#x92F;,&#x915;&#x902;&#x92A;&#x94D;&#x92F;&#x942;&#x91F;&#x930;&#x94D;&#x938;</subfield>
    <subfield code="c">2022</subfield>
  </datafield>
  <datafield tag="270" ind1=" " ind2=" ">
    <subfield code="b">&#x915;&#x94B;&#x91F;&#x93E;</subfield>
    <subfield code="a">817, &#x92E;&#x939;&#x93E;&#x935;&#x940;&#x930; &#x928;&#x917;&#x930; </subfield>
    <subfield code="e">324005</subfield>
  </datafield>
  <datafield tag="300" ind1=" " ind2=" ">
    <subfield code="a">123&#x92A;&#x943;.</subfield>
    <subfield code="c">22 &#x938;&#x947;&#x92E;&#x940; (&#x905;&#x91C;&#x93F;&#x932;&#x94D;&#x926; )</subfield>
  </datafield>
  <datafield tag="942" ind1=" " ind2=" ">
    <subfield code="2">ddc</subfield>
    <subfield code="c">HN</subfield>
    <subfield code="h">821</subfield>
    <subfield code="m">&#x92D;&#x91F;&#x94D;&#x91F;&#x915;&#x943;</subfield>
  </datafield>
  <datafield tag="999" ind1=" " ind2=" ">
    <subfield code="c">198039</subfield>
    <subfield code="d">198039</subfield>
  </datafield>
  <datafield tag="952" ind1=" " ind2=" ">
    <subfield code="0">0</subfield>
    <subfield code="1">0</subfield>
    <subfield code="4">0</subfield>
    <subfield code="7">0</subfield>
    <subfield code="8">NFIC</subfield>
    <subfield code="a">DBAD</subfield>
    <subfield code="b">M</subfield>
    <subfield code="d">2023-09-12</subfield>
    <subfield code="e">DBAD/PUB</subfield>
    <subfield code="g">100.00</subfield>
    <subfield code="l">0</subfield>
    <subfield code="o">821 &#x92D;&#x91F;&#x94D;&#x91F;&#x917;&#x94B; </subfield>
    <subfield code="p">HN-98266</subfield>
    <subfield code="r">2023-09-12 00:00:00</subfield>
    <subfield code="t">1</subfield>
    <subfield code="v">100.00</subfield>
    <subfield code="w">2023-09-12</subfield>
    <subfield code="y">HN</subfield>
  </datafield>
</record>
